Assassin's price /

Six years have passed since the failed uprising of the High Holders, and Charyn, the rex's heir, has come of age and wants to learn to be an effective rex after his father. His father disagrees, so Charyn sets out to educate himself. But when privateers attack the rex's ships and threats e...

Full description

Bibliographic Details
Main Author: Modesitt, L. E., Jr., 1943- (Author)
Format: Book
Language:English
Published: New York : Tom Doherty Associates, [2017].
Edition:First edition.
Series:Modesitt, L. E., Jr., 1943- Imager portfolio ; bk. 11.
Subjects:

MARC

Tag First Indicator Second Indicator Subfields
LEADER 00000cam a2200000Ii 4500
001 in00003862575
005 20200626111407.0
008 170221t20172017nyub 000 1 eng d
035 |a (OCoLC)ocn981671795 
040 |a YDX  |e rda  |c YDX  |d BDX  |d KYC  |d VTL  |d UPZ  |d CHY  |d IUK  |d IGA 
020 |a 9780765390479  |q (hardcover) 
020 |a 0765390477  |q (hardcover) 
020 |z 9780765390493  |q (ebook) 
050 4 |a PS3563.O264  |b A92 2017 
082 0 |a 813/.6  |2 23 
049 |a TXAM 
100 1 |a Modesitt, L. E.,  |c Jr.,  |d 1943-  |e author. 
245 1 0 |a Assassin's price /  |c L.E. Modesitt, Jr. 
250 |a First edition. 
264 1 |a New York :  |b Tom Doherty Associates,  |c [2017]. 
264 4 |c ©2017. 
300 |a 526 pages :  |b map ;  |c 24 cm. 
336 |a text  |b txt  |2 rdacontent 
337 |a unmediated  |b n  |2 rdamedia 
338 |a volume  |b nc  |2 rdacarrier 
490 1 |a The eleventh book of the Imager portfolio 
520 |a Six years have passed since the failed uprising of the High Holders, and Charyn, the rex's heir, has come of age and wants to learn to be an effective rex after his father. His father disagrees, so Charyn sets out to educate himself. But when privateers attack the rex's ships and threats escalate against the rex and his family, Charyn will realize that no one is safe, for an assassin stalks them all. 
650 0 |a Magic  |v Fiction. 
650 0 |a Wizards  |v Fiction. 
650 0 |a Soldiers  |v Fiction. 
650 7 |a FICTION / Fantasy / Epic.  |2 bisacsh 
650 7 |a FICTION / Fantasy / Military.  |2 bisacsh 
650 1 |a Magic  |v Fiction. 
800 1 |a Modesitt, L. E.,  |c Jr.,  |d 1943-  |t Imager portfolio ;  |v bk. 11. 
945 |b 224632 
947 |a A14850132672 
948 |a cataloged  |b h  |c 2020/6/26  |d c  |e dmitchel  |f 11:10:20 am 
994 |a 92  |b TXA 
999 f f |s 4a6b4c5a-a4d0-38e6-b419-22c9a151d6b7  |i dd3ce9ce-83d5-3441-a541-356e372f25b9  |t 0 
952 f f |p normal  |a Texas A&M University  |b College Station  |c Sterling C. Evans Library  |d Evans: Library Stacks  |t 0  |e PS3563.O264 A92 2017  |h Library of Congress classification  |i unmediated -- volume  |m A14850132672 
998 f f |a PS3563.O264 A92 2017  |t 0  |l Evans: Library Stacks